Normal view
MARC view
- Biware Pooja S - 2k131122; Prof.Pranita Sonar - Guide & [Company Name] - Bajaj Allianz life Insurance Company Ltd
Entry Personal Name
001 - CONTROL NUMBER
- control field: 103240
003 - CONTROL NUMBER IDENTIFIER
- control field: OSt
005 - DATE AND TIME OF LATEST TRANSACTION
- control field: 20221007220508.0
008 - FIXED-LENGTH DATA ELEMENTS
- fixed length control field: 221007|| aca||aabn | a|a d
040 ## - CATALOGING SOURCE
- Original cataloging agency: OSt
- Transcribing agency: OSt
100 ## - HEADING--PERSONAL NAME
- Personal name: Biware Pooja S - 2k131122; Prof.Pranita Sonar - Guide & [Company Name] - Bajaj Allianz life Insurance Company Ltd
670 ## - SOURCE DATA FOUND
- Source citation: Work cat.: (OSt)73572: Biware Pooja S - 2k131122; Prof.Pranita Sonar - Guide & [Company Name] - Bajaj Allianz life Insurance Company Ltd., Recruitment & Selection at Bajaj Allianz Life Insurance Company Ltd., Sep-15